Statistics for Carolina Panthers Lineup

Click here to take the quiz!

General Stats

  • This quiz has been taken 28 times
  • The average score is 12 of 22

Answer Stats

PositionPlayer% Correct
QBCam Newton
100%
RBChristian McCaffrey
87%
WR 2DJ Moore
83%
TEGreg Olsen
83%
MLBLuke Kuechly
78%
KGraham Gano
70%
CB 1Donte Jackson
61%
ROLBThomas Davis
61%
CRyan Kalil
61%
REKawann Short
57%
WR 1Devin Funchess
57%
LEJulius Peppers
52%
CB 2James Bradberry
48%
PMichael Palardy
48%
LOLBShaq Thompson
43%
FSMike Adams
43%
RGTrai Turner
39%
RTTaylor Moton
35%
DTDontari Poe
35%
LGGreg Van Roten
26%
LTChris Clark
17%
SSEric Reed
13%

Score Distribution

Percentile by Number Answered

Percent of People with Each Score

Your Score History

You have not taken this quiz